000 002610000a22000970004500
100 1 _aGoldingay, John
245 1 0 _aThe significance of circumcision
300 _aNúm 88 (2000), Páginas 3-18
773 0 _tJournal for the Study of the Old Testament
942 _cANA
999 _c54728
_d54728